[Event "Seville op 44th"]
[Site "Seville"]
[Date "2019.01.19"]
[Round "9"]
[White "Infante Machin, Brian Jose"]
[Black "Del Rio de Angelis, Salvador Gabriel"]
[Result "0-1"]
[WhiteElo "2186"]
[BlackElo "2501"]
[PlyCount "69"]
[EventDate "2019.01.11"]
[EventType "swiss"]
[EventRounds "9"]
[EventCountry "ESP"]
[SourceTitle "CBM 188 Extra"]
[Source "ChessBase"]
[SourceDate "2019.02.26"]
[SourceVersion "1"]
[SourceVersionDate "2019.02.26"]
[SourceQuality "1"]

1. d4 Nf6 2. Nf3 e6 3. g3 b5 4. Bg2 Bb7 5. 0-0 c5 6. b3 Be7 7. Bb2 0-0 8. Nbd2 d5 9. Ne5 Qc7 10. dxc5 Bxc5 11. Nd3 Be7 12. c4 dxc4 13. Bxb7 Qxb7 14. bxc4 b4 15. a3 bxa3 16. Bxa3 Bxa3 17. Rxa3 Nc6 18. Qa1 Rfd8 19. Rb1 Qc7 20. Nf3 Ne4 21. c5 Rd5 22. Rc1 Rb8 23. Ra4 Nf6 24. Nf4 Rdd8 25. Ra6 Rb7 26. Nd3 Nd7 27. Rxc6 Qxc6 28. Nd4 Qe4 29. c6 Rc7 30. cxd7 Rxc1+ 31. Nxc1 Rxd7 32. Ncb3 e5 33. Nf3 Qxe2 34. Qxe5 Rd1+ 35. Kg2 0-1

[Event "Capablanca Memorial op-A 48th"]
[Site "Havana"]
[Date "2013.04.30"]
[Round "9"]
[White "Infante Machin, Brian Jose"]
[Black "Diaz Perez, Michel Alejandro"]
[Result "0-1"]
[WhiteElo "2177"]
[BlackElo "2276"]
[PlyCount "47"]
[EventDate "2013.04.21"]
[EventType "swiss"]
[EventRounds "10"]
[EventCountry "CUB"]
[SourceTitle "CBM 154 Extra"]
[Source "ChessBase"]
[SourceDate "2013.06.25"]
[SourceVersion "2"]
[SourceVersionDate "2013.06.25"]
[SourceQuality "1"]

1. Nf3 Nf6 2. g3 d5 3. Bg2 c6 4. 0-0 Bg4 5. d3 Nbd7 6. Nbd2 e5 7. b3 Be7 8. c4 d4 9. Bb2 Qc7 10. e3 dxe3 11. fxe3 0-0-0 12. Qc2 e4 13. dxe4 Bd6 14. Bc3 h5 15. b4 h4 16. c5 Bxg3 17. hxg3 h3 18. e5 hxg2 19. Rfe1 Nd5 20. Kxg2 f6 21. e4 Nxc3 22. Qxc3 Nxe5 23. Nxe5 Qxe5 24. Qxe5 0-1

[Event "Capablanca Memorial op-A 48th"]
[Site "Havana"]
[Date "2013.04.24"]
[Round "4"]
[White "Fernandez Hernandez, Arturo Augusto"]
[Black "Infante Machin, Brian Jose"]
[Result "1-0"]
[WhiteElo "2368"]
[BlackElo "2177"]
[PlyCount "71"]
[EventDate "2013.04.21"]
[EventType "swiss"]
[EventRounds "10"]
[EventCountry "CUB"]
[SourceTitle "CBM 154 Extra"]
[Source "ChessBase"]
[SourceDate "2013.06.25"]
[SourceVersion "2"]
[SourceVersionDate "2013.06.25"]
[SourceQuality "1"]

1. Nf3 Nf6 2. c4 g6 3. Nc3 d5 4. Qa4+ c6 5. cxd5 Nxd5 6. Nxd5 Qxd5 7. e4 Qd8 8. d4 Bg7 9. Be3 Nd7 10. Be2 0-0 11. 0-0 Nb6 12. Qb3 Be6 13. Qc2 h6 14. Ne5 Kh7 15. f4 f5 16. Bd3 Bxe5 17. fxe5 Qd7 18. Rf2 f4 19. Raf1 g5 20. d5 cxd5 21. exd5+ Bf5 22. g4 Bxd3 23. Qxd3+ Kg7 24. e6 Qxd5 25. Bd4+ Rf6 26. Bxf6+ exf6 27. Qxd5 Nxd5 28. Rd1 Ne3 29. Rd7+ Kg6 30. h3 Rc8 31. Rfd2 Rc1+ 32. Kf2 Nc4 33. Rc7 Nxd2 34. Rxc1 f5 35. gxf5+ Kf6 36. Re1 1-0

[Event "Havana UCI op 8th"]
[Site "Havana"]
[Date "2009.11.10"]
[Round "6"]
[White "Infante Machin, Brian Jose"]
[Black "Medina Riesgo, Pedro"]
[Result "1-0"]
[WhiteElo "2160"]
[BlackElo "2168"]
[PlyCount "119"]
[EventDate "2009.11.04"]
[EventType "swiss"]
[EventRounds "9"]
[EventCountry "CUB"]
[SourceTitle "EXT 2011"]
[Source "ChessBase"]
[SourceDate "2010.11.26"]
[SourceVersion "1"]
[SourceVersionDate "2010.11.26"]
[SourceQuality "1"]

1. d4 Nf6 2. c4 g6 3. Nf3 Bg7 4. g3 0-0 5. Bg2 c5 6. d5 d6 7. 0-0 e5 8. Nc3 Nh5 9. e4 Na6 10. Bg5 f6 11. Be3 Rf7 12. Ne1 Bf8 13. a3 Bd7 14. Nd3 Qc8 15. f4 Qe8 16. f5 Ng7 17. g4 Qc8 18. h4 Be7 19. h5 g5 20. Qd2 h6 21. Rfc1 Rf8 22. Bf1 Qe8 23. b4 b6 24. Nb5 Bxb5 25. cxb5 Nc7 26. bxc5 bxc5 27. a4 Qd7 28. Nb2 Rab8 29. Nc4 Na8 30. Rcb1 Bd8 31. Rb2 Bc7 32. a5 Rfc8 33. Rab1 Qd8 34. Bf2 Ne8 35. Be1 Kf7 36. Rb3 Kg8 37. Qb2 Rb7 38. b6 Bb8 39. Na3 Nxb6 40. axb6 Rxb6 41. Rxb6 axb6 42. Qxb6 Qxb6 43. Rxb6 Bc7 44. Rb7 Rb8 45. Rxb8 Bxb8 46. Nb5 Kf7 47. Ba5 Ke7 48. Kf2 Kd7 49. Ke2 Kc8 50. Kd3 Kb7 51. Kc3 Ng7 52. Na3 Bc7 53. Bxc7 Kxc7 54. Kc4 Kb6 55. Nb5 Ne8 56. Kb3 Ka5 57. Be2 Kb6 58. Ka4 c4 59. Kb4 c3 60. Nxc3 1-0

[Event "Havana UCI op 8th"]
[Site "Havana"]
[Date "2009.11.05"]
[Round "2"]
[White "Infante Machin, Brian Jose"]
[Black "Lemes Rosales, Lazaro"]
[Result "0-1"]
[WhiteElo "2160"]
[BlackElo "2179"]
[PlyCount "76"]
[EventDate "2009.11.04"]
[EventType "swiss"]
[EventRounds "9"]
[EventCountry "CUB"]
[SourceTitle "EXT 2011"]
[Source "ChessBase"]
[SourceDate "2010.11.26"]
[SourceVersion "1"]
[SourceVersionDate "2010.11.26"]
[SourceQuality "1"]

1. d4 d5 2. Nf3 e6 3. e3 c5 4. b3 Nc6 5. Bd3 Nf6 6. 0-0 Bd6 7. Bb2 0-0 8. Nbd2 Qe7 9. a3 e5 10. dxc5 Bxc5 11. e4 dxe4 12. Nxe4 Nxe4 13. Bxe4 Bg4 14. h3 Rad8 15. Qe2 Bxf3 16. Qxf3 Rd6 17. b4 Nd4 18. Bxd4 Bxd4 19. c3 Bb6 20. Rad1 Rf6 21. Qh5 g6 22. Qg5 Kg7 23. Rd5 Re8 24. Qd2 Rf4 25. Rd7 Qh4 26. Bxb7 e4 27. Qe2 e3 28. f3 Qg3 29. Bd5 Kh6 30. c4 Rh4 31. Kh1 Bc7 32. Rxc7 Qxc7 33. Rd1 f5 34. Rd3 Qe5 35. Kg1 Rd4 36. Rxd4 Qxd4 37. Qe1 e2+ 38. Kh2 g5 0-1

[Event "Havana Municipal-ch 12th"]
[Site "Havana"]
[Date "2009.09.19"]
[Round "4"]
[White "Infante Machin, Brian Jose"]
[Black "Madrazo Ponciano, Yandiel"]
[Result "1-0"]
[WhiteElo "2153"]
[BlackElo "2153"]
[PlyCount "47"]
[EventDate "2009.09.15"]
[EventType "swiss"]
[EventRounds "11"]
[EventCountry "CUB"]
[EventCategory "1"]
[SourceTitle "EXT 2012"]
[Source "ChessBase"]
[SourceDate "2011.11.24"]
[SourceVersion "1"]
[SourceVersionDate "2011.11.24"]
[SourceQuality "1"]

1. d4 Nf6 2. Nf3 e6 3. e3 d5 4. Bd3 Nbd7 5. b3 Bb4+ 6. c3 Bd6 7. Nbd2 0-0 8. Bb2 b6 9. c4 Ba6 10. 0-0 c5 11. Ne5 Bb7 12. Nxd7 Nxd7 13. cxd5 Qg5 14. f4 Qh6 15. Rf3 Qf6 16. Ne4 Qe7 17. Nxd6 Qxd6 18. Rg3 g6 19. dxe6 Qxe6 20. dxc5 Nf6 21. f5 Qe7 22. fxg6 fxg6 23. Qe2 Qxc5 24. Bxg6 1-0

[Event "Havana Province-ch sf"]
[Site "Havana"]
[Date "2009.08.03"]
[Round "9"]
[White "Martinez Ival, Carlos"]
[Black "Infante Machin, Brian Jose"]
[Result "0-1"]
[WhiteElo "2081"]
[BlackElo "2157"]
[PlyCount "66"]
[EventDate "2009.07.23"]
[EventType "swiss"]
[EventRounds "9"]
[EventCountry "CUB"]
[EventCategory "1"]
[SourceTitle "EXT 2018"]
[Source "ChessBase"]
[SourceDate "2017.10.13"]
[SourceVersion "1"]
[SourceVersionDate "2017.10.13"]
[SourceQuality "1"]

1. d4 Nf6 2. c4 e6 3. Nf3 b6 4. a3 d5 5. Nc3 Nbd7 6. cxd5 exd5 7. Bg5 Be7 8. e3 Bb7 9. Qc2 0-0 10. Be2 c5 11. dxc5 bxc5 12. 0-0 Qb6 13. Rfd1 Bc6 14. Bf4 Qb7 15. Bf1 Rac8 16. Ne5 Nxe5 17. Bxe5 Rfd8 18. Qe2 Nd7 19. Bg3 Bf6 20. Rab1 Ne5 21. Qa6 d4 22. Qxb7 Bxb7 23. exd4 cxd4 24. Nb5 Be4 25. Ra1 d3 26. Nxa7 Rc2 27. b4 Nc4 28. Rab1 Nb2 29. b5 Nxd1 30. Rxd1 d2 31. Bf4 Rc1 32. Rxd2 Rxd2 33. Bxd2 Rd1 0-1

[Event "Havana Province-ch U20"]
[Site "Havana"]
[Date "2009.06.30"]
[Round "2"]
[White "Infante Machin, Brian Jose"]
[Black "Ordunez Echarte, Dennys"]
[Result "1-0"]
[WhiteElo "2134"]
[BlackElo "2269"]
[PlyCount "59"]
[EventDate "2009.06.22"]
[EventType "tourn"]
[EventRounds "10"]
[EventCountry "CUB"]
[EventCategory "1"]
[SourceTitle "EXT 2018"]
[Source "ChessBase"]
[SourceDate "2017.10.13"]
[SourceVersion "1"]
[SourceVersionDate "2017.10.13"]
[SourceQuality "1"]

1. d4 Nf6 2. Nf3 b6 3. Bg5 Ne4 4. h4 Bb7 5. Nbd2 d5 6. e3 Nd7 7. Nxe4 dxe4 8. Nd2 h6 9. Bf4 g6 10. c3 Bg7 11. Qc2 f5 12. g4 e5 13. dxe5 Nxe5 14. Bxe5 Bxe5 15. gxf5 gxf5 16. 0-0-0 Qf6 17. Nc4 a6 18. Qd2 Bc6 19. Rg1 Ke7 20. Nxe5 Qxe5 21. Bc4 Rad8 22. Qe2 b5 23. Bb3 Rxd1+ 24. Qxd1 Be8 25. Qd4 Kf6 26. Qd8+ Qe7 27. Qc8 Qd6 28. Rd1 Qh2 29. Qe6+ Kg7 30. Rd7+ 1-0

[Event "Capablanca Memorial op 42nd"]
[Site "Havana"]
[Date "2007.05.27"]
[Round "9"]
[White "Corrales Jimenez, Zenia"]
[Black "Infante Machin, Brian Jose"]
[Result "0-1"]
[WhiteElo "2185"]
[BlackElo "2114"]
[PlyCount "124"]
[EventDate "2007.05.18"]
[EventType "swiss"]
[EventRounds "10"]
[EventCountry "CUB"]
[SourceTitle "CBM 118 Extra"]
[Source "ChessBase"]
[SourceDate "2007.07.04"]
[SourceVersion "1"]
[SourceVersionDate "2007.07.04"]
[SourceQuality "1"]

1. e4 e5 2. Nf3 Nc6 3. d4 exd4 4. Nxd4 Nf6 5. Nxc6 bxc6 6. e5 Qe7 7. Qe2 Nd5 8. c4 Nb6 9. Nd2 a5 10. Qe4 g6 11. Bd3 Bg7 12. 0-0 Bxe5 13. Re1 Bf6 14. Qxe7+ Bxe7 15. b3 d6 16. Bb2 Rg8 17. Be4 d5 18. Bd3 Be6 19. cxd5 Nxd5 20. Be4 0-0-0 21. Nc4 Bb4 22. Rf1 Bc3 23. Rab1 Bxb2 24. Rxb2 a4 25. Bf3 Nb4 26. Be2 Bxc4 27. bxc4 Nd3 28. Rbb1 Rge8 29. Bd1 Nc5 30. Rb4 a3 31. Bf3 Re6 32. Rfb1 Rd2 33. g4 Rxa2 34. g5 Kd8 35. Rb8+ Ke7 36. Rc8 Rb2 37. Rd1 a2 38. Ra8 Nb3 39. Kg2 a1Q 40. Raxa1 Nxa1 41. Rxa1 Rc2 42. Ra4 Re5 43. h4 Rc5 44. Ra8 R5xc4 45. Kg3 Rb2 46. Rh8 Rc3 47. Kg2 Rcc2 48. Rxh7 Rxf2+ 49. Kg3 Rf1 50. Bxc6 Rg1+ 51. Kf4 Rc1 52. Bd5 Rf1+ 53. Kg3 c5 54. h5 gxh5 55. Rxh5 Rg1+ 56. Kf3 Rbg2 57. Kf4 Rf2+ 58. Ke5 Re1+ 59. Be4 Rfe2 60. Rh4 Rxe4+ 61. Rxe4 Rxe4+ 62. Kxe4 Ke6 0-1